IAS mains general studies paper 3: (Record no. 158207)

MARC details
000 -LEADER
fixed length control field 00951nam a22002177a 4500
005 - DATE AND TIME OF LATEST TRANSACTION
control field 20181220152737.0
020 ## - INTERNATIONAL STANDARD BOOK NUMBER
International Standard Book Number 9789311129211
Terms of availability 500.00
035 ## - SYSTEM CONTROL NUMBER
System control number B-710595
037 ## - SOURCE OF ACQUISITION
Stock number dpl
Source of stock number/acquisition RK Books
082 ## - DEWEY DECIMAL CLASSIFICATION NUMBER
Classification number 000
100 ## - MAIN ENTRY--PERSONAL NAME
Personal name Sharma, Mohit
245 ## - TITLE STATEMENT
Title IAS mains general studies paper 3:
Remainder of title technology economic development bio-diversity environment, security & disaster management /
Statement of responsibility, etc Mohit Sharma...[et al] edited by Priya Goyal
250 ## - EDITION STATEMENT
Edition statement Full Revised & Updated Edition
260 ## - PUBLICATION, DISTRIBUTION, ETC. (IMPRINT)
Place of publication, distribution, etc New Delhi
Name of publisher, distributor, etc Arihant Publications(India ) Limited
Date of publication, distribution, etc 2015
270 ## - ADDRESS
Address 4577/15, Agarwal Road, Daryaganj
City New Delhi
Postal code 110002
Telephone number 011-47630600
Fax number -
Electronic mail address -
300 ## - PHYSICAL DESCRIPTION
Extent 678p.
Other physical details ill.
Dimensions 24cm(pbk)
700 ## - ADDED ENTRY--PERSONAL NAME
Personal name Goyal, Priya, edtior
710 ## - ADDED ENTRY--CORPORATE NAME
Corporate name or jurisdiction name as entry element Goyal, Priya
942 ## - ADDED ENTRY ELEMENTS (KOHA)
Source of classification or shelving scheme Dewey Decimal Classification
Item type English Books
Classification part 000
Call number suffix IAS
Holdings
Withdrawn status Lost status Not for loan Collection code Home library Current library Date acquired Source of acquisition Cost, normal purchase price Full call number Barcode Copy number Cost, replacement price Koha item type
      Non-fiction Patel Nagar Patel Nagar 20/10/2018 RK Books/IN1915/18-19/13-10-18/532/04-10-18/15-10-18 500.00 000 IAS B-710595 1 500.00 English Books

© Delhi Public Library
Hit Counter
free hit counter